000 00928nam a22002417a 4500
008 240605b mp ||||| |||| 00| 0 mon d
020 _a9789997315830
035 _a25527
040 _aHE0623081
_bmon
_cMN-UlNLM
_dMN-UlNLM
_erda
041 _amon
042 _a59412
084 _2NNA
_a74.2
_bХ.22
100 _aХанс Магнус Энценсбергер
245 0 _aТооны чөтгөр: Zahlenteufel
264 _aУБ.
_bМонсудар хэв
_c2019
300 _a229х.
336 _2rdacontent
_atext
_btxt
337 _2rdamedia
_aunmediated
_bn
338 _2rdacarrier
_avolume
_bnc
650 _aАрван хоёр настай Роберт хүү математикт үнэхээр дургүй. Гэтэл нэгэн шөнө түүний зүүдэнд тооны чөтгөр орж ирэх нь тэр. Тооны чөтг...
942 _2NNA
_cBK
999 _c895211
_d895268